LEADER 01353nam--2200385---4500 001 990000599400203316 005 20100630160454.0 010 $a88-324-.6255-9 035 $a0059940 035 $aUSA010059940 035 $a(ALEPH)000059940USA01 035 $a0059940 100 $a20010830d1989----km-y0ENGy0103----ba 101 $aita 102 $aIT 200 1 $a<> dichiarazione dei redditi con il mod.101$eil mod. 101 integrato per i redditi da lavoro e fabbricati$ele spese ammese in deduzione$ecome si compila. come e dove si presenta il nuovo modello$fRoberto Franchi, Antonio Scaglione 210 $aMilano$cPirola$d1989 215 $a100 p.$d24 cm 225 2 $aPirola fiscale$v56 410 $12001$aPirola fiscale$v56 606 $aDenuncia dei redditi$xManuali 676 $a336 700 1$aFRANCHI,$bRoberto$0521197 701 1$aSCAGLIONE,$bAntonio$0227787 801 0$aIT$bsalbc$gISBD 912 $a990000599400203316 951 $aXXX.B. Coll. 128/ 14 (COLL. HNT 56)$b66537 EC$cXXX.B. Coll. 128/ 14 (COLL. HNT)$d00272569 959 $aBK 969 $aECO 979 $aPATTY$b90$c20010830$lUSA01$h1109 979 $c20020403$lUSA01$h1709 979 $aPATRY$b90$c20040406$lUSA01$h1641 979 $aRSIAV4$b90$c20100630$lUSA01$h1604 996 $aDichiarazione dei redditi con il mod.101$9882307 997 $aUNISA LEADER 00736oam 2200217z- 450 001 996280049703316 010 $a1-5090-8662-5 035 $a(CKB)1000000000695665 035 $a(EXLCZ)991000000000695665 100 $a20220628c2007uuuu -u- - 101 0 $aeng 200 00$aRehabilitation Robotics, 2007. ICORR 2007. IEEE 10th International Conference on 210 $cIEEE 311 $a1-4244-1319-2 311 $a1-4244-1320-6 517 $aComputer and Information Science 517 $a2007 IEEE 10th International Conference on Rehabilitation Robotics 906 $aPROCEEDING 912 $a996280049703316 996 $aRehabilitation Robotics, 2007. ICORR 2007. IEEE 10th International Conference on$92505827 997 $aUNISA LEADER 02370nam 2200649 a 450 001 9910964612003321 005 20251116231745.0 010 $a0-8070-7272-9 010 $a1-299-56242-6 035 $a(CKB)1000000000541976 035 $a(EBL)3118012 035 $a(SSID)ssj0000378725 035 $a(PQKBManifestationID)11275557 035 $a(PQKBTitleCode)TC0000378725 035 $a(PQKBWorkID)10355392 035 $a(PQKB)10077390 035 $a(SSID)ssj0000272875 035 $a(PQKBManifestationID)12106291 035 $a(PQKBTitleCode)TC0000272875 035 $a(PQKBWorkID)10309856 035 $a(PQKB)10358430 035 $a(MiAaPQ)EBC3118012 035 $a(MiAaPQ)EBC6069551 035 $a(Au-PeEL)EBL6069551 035 $a(OCoLC)922967949 035 $a(EXLCZ)991000000000541976 100 $a20080611d2007 uy 0 101 0 $aeng 135 $aur|n|---||||| 181 $ctxt 182 $cc 183 $acr 200 10$aWithout a map $ea memoir /$fMeredith Hall 205 $a1st ed. 210 $aBoston $cBeacon Press$dc2007 215 $a1 online resource (249 p.) 300 $aIncludes a reading group guide. 311 08$a0-8070-7274-5 311 08$a0-8070-7273-7 327 $aThe lonely hunter -- Waiting -- Stronghold -- The uprising -- Again -- Drawing the line -- Without a map -- A river of light -- Double vision -- Killing chickens -- Threshold -- Propitiation -- Chimeras -- Reckonings -- The river of forgetting -- Sojourn -- Outport shadows. 330 $a"A brave writer of tumultuous beauty." -- Entertainment Weekly "Beautifully rendered." -- Elle "A poignant, unflinchingly assured memoir." -- The Boston Globe   This "sobering portrayal" of a pregnant teen exiled from her New Hampshire community is "a testament to the importance of understanding and even forgiving the people who. 606 $aAuthors, American$y21st century$vBiography 606 $aTeenage girls$zMaine$vBiography 606 $aTeenage pregnancy 615 0$aAuthors, American 615 0$aTeenage girls 615 0$aTeenage pregnancy. 676 $a818/.609 676 $aB 700 $aHall$b Meredith$f1949-$01858060 801 0$bMiAaPQ 801 1$bMiAaPQ 801 2$bMiAaPQ 906 $aBOOK 912 $a9910964612003321 996 $aWithout a map$94459284 997 $aUNINA